| 000 | 00600nam a2200229Ia 4500 | ||
|---|---|---|---|
| 003 | OSt | ||
| 005 | 20220928103148.0 | ||
| 006 | a|||||r|||| 00| 0 | ||
| 007 | ta | ||
| 008 | 220927b |||||||| |||| 00| 0 eng d | ||
| 024 | _a50651 | ||
| 037 | _cTextual | ||
| 040 |
_aSDCL _cSDCL _beng |
||
| 041 |
_2eng _aeng |
||
| 082 | _aO31,1M82:g, M2 | ||
| 100 |
_aSeth Ravinder _9402673 |
||
| 245 | 0 | _aSubramania bharati. | |
| 260 |
_aNew Delhi _bSahithy Shodh Sansthan _c1981 |
||
| 300 |
_a201p. _ccm. |
||
| 942 |
_hO31,1M82:g, M2 _cTEXL _2CC |
||
| 999 |
_c718497 _d718497 |
||